Tourism policy and planning : (Record no. 21687)
[ view plain ]
| 000 -LEADER | |
|---|---|
| fixed length control field | 00933cam a22002655a 4500 |
| 001 - CONTROL NUMBER | |
| control field | 17461951 |
| 005 - DATE AND TIME OF LATEST TRANSACTION | |
| control field | 20160503120249.0 |
| 008 - FIXED-LENGTH DATA ELEMENTS--GENERAL INFORMATION | |
| fixed length control field | 120913s2013 enka frb 001 0 eng d |
| 020 ## - INTERNATIONAL STANDARD BOOK NUMBER | |
| International Standard Book Number | 9780415534536 (pbk : alk. paper) |
| 040 ## - CATALOGING SOURCE | |
| Original cataloging agency | DLC |
| Transcribing agency | DLC |
| Modifying agency | DLC |
| -- | EG-ScBUE |
| Language of cataloging | eng |
| 082 04 - DEWEY DECIMAL CLASSIFICATION NUMBER | |
| Classification number | 338.4791 |
| Edition number | 22 |
| Item number | EDG |
| 100 1# - MAIN ENTRY--PERSONAL NAME | |
| Personal name | Edgell, David L., |
| 9 (RLIN) | 39905 |
| Titles and other words associated with a name | Sr. |
| Dates associated with a name | 1938- |
| Fuller form of name | (David Lee), |
| 245 10 - TITLE STATEMENT | |
| Title | Tourism policy and planning : |
| Remainder of title | yesterday, today and tomorrow / |
| Statement of responsibility, etc | David L. Edgell and Jason R. Swanson. |
| 250 ## - EDITION STATEMENT | |
| Edition statement | 2nd ed. |
| 260 ## - PUBLICATION, DISTRIBUTION, ETC. (IMPRINT) | |
| Place of publication, distribution, etc | Oxon ; |
| -- | New York : |
| Name of publisher, distributor, etc | Routledge / Taylor & Francis, |
| Date of publication, distribution, etc | 2013. |
| 300 ## - PHYSICAL DESCRIPTION | |
| Extent | xvi, 305 p. : |
| Other physical details | ill. (some col.) ; |
| Dimensions | 26 cm. |
| 500 ## - GENERAL NOTE | |
| General note | Index : p. [299]-305. |
| 504 ## - BIBLIOGRAPHY, ETC. NOTE | |
| Bibliography, etc | Includes bibliographical references. |
| 650 #7 - SUBJECT ADDED ENTRY--TOPICAL TERM | |
| Topical term or geographic name as entry element | Tourism |
| General subdivision | Planning. |
| Source of heading or term | BUEsh |
| 9 (RLIN) | 39903 |
| 650 #7 - SUBJECT ADDED ENTRY--TOPICAL TERM | |
| Topical term or geographic name as entry element | Tourism |
| General subdivision | Government policy. |
| Source of heading or term | BUEsh |
| 9 (RLIN) | 39904 |
| 651 ## - SUBJECT ADDED ENTRY--GEOGRAPHIC NAME | |
| Source of heading or term | BUEsh |
| 653 ## - INDEX TERM--UNCONTROLLED | |
| Resource For college | BAEPS, Business Administration |
| Arrived date list | May2016 |
| 700 1# - ADDED ENTRY--PERSONAL NAME | |
| Personal name | Swanson, Jason R. |
| 942 ## - ADDED ENTRY ELEMENTS (KOHA) | |
| Source of classification or shelving scheme | Dewey Decimal Classification |
| Withdrawn status | Item status | Source of classification or shelving scheme | Damaged status | Not for loan | Vendor | Home library | Current library | Shelving location | Date acquired | Source of acquisition | Cost, normal purchase price | Total Checkouts | Total Renewals | Full call number | Barcode | Date last seen | Date last borrowed | Cost, replacement price | Koha item type |
|---|---|---|---|---|---|---|---|---|---|---|---|---|---|---|---|---|---|---|---|
| Dewey Decimal Classification | Alahram | Central Library | Central Library | First floor | 03/05/2016 | Purchase | 413.00 | 1 | 3 | 338.4791 EDG | 000032413 | 15/07/2025 | 11/10/2016 | 516.25 | Book - Borrowing |